Ricostruisci la Carriera del Calciatore - Michy Batshuayi - Statistics

Statistiche generali
  • Questo quiz è stato fatto 2 volte
  • Il punteggio medio è 4 su 10
Statistiche sulle risposte
Hint Risposta % Corretto
2010-2014 Standard Liegi
100%
2021-2022 Beşiktaş
50%
2019-2020 Chelsea
50%
2019 Crystal Palace
50%
2020-2021 Crystal Palace
50%
2022- Fenerbahçe
50%
2018 Borussia Dortmund
0%
2016-2018 Chelsea
0%
2014-2016 Olympique Marsiglia
0%
2018-2019 Valencia
0%
Nessun quiz corrispondente trovato
Distribuzione punteggi
Percentuale di utenti per punteggio
Percentile per numero di risposta
I tuoi punteggi nel tempo
Non hai fatto questo quiz